[Event "2nd Easter 4NCL Congress"]
[Site "Daventry"]
[Date "2022.04.18"]
[Round "6"]
[Board "13"]
[White "Wilson, Jeff"]
[Black "Szydlowski, Sebastien"]
[Result "0-1"]
[WhiteElo "1447"]
[BlackElo "1681"]
[PlyCount "96"]
[EventDate "2022.04.15"]
[EventRounds "7"]
[EventCountry "ENG"]

1. e4 d5 2. exd5 Qxd5 3. Nc3 Qa5 4. Bc4 Nf6 5. d3 Bg4 6. f3 Bh5 7. g4 Bg6 8. f4
e6 9. h3 Nc6 10. Bd2 Bb4 11. a3 Nd4 12. Nf3 Nxf3+ 13. Qxf3 O-O-O 14. Ke2 Bxc3
15. Bxc3 Qb6 16. Bxf6 gxf6 17. f5 exf5 18. gxf5 Rhe8+ 19. Kd2 Qa5+ 20. b4 Qxf5
21. Qxf5+ Bxf5 22. Bxf7 Re7 23. Bc4 h5 24. Rae1 Kd7 25. Rxe7+ Kxe7 26. h4 Bg4
27. Ke3 Re8 28. Kf2 Kd6 29. Re1 Rxe1 30. Kxe1 Ke5 31. Kf2 Kf4 32. Bd5 c6 33.
Bg2 Bd1 34. c3 Kg4 35. d4 Kxh4 36. b5 Ba4 37. bxc6 Bxc6 38. d5 Bd7 39. c4 b6
40. d6 Kg5 41. Ke3 h4 42. Kd4 h3 43. Bh1 Kg4 44. c5 bxc5+ 45. Kxc5 h2 46. Bc6
Bxc6 47. Kxc6 h1=Q+ 48. Kc7 Qc1+  0-1

[Event "2nd Easter 4NCL Congress"]
[Site "Daventry"]
[Date "2022.04.18"]
[Round "6"]
[Board "14"]
[White "Holyhead, James"]
[Black "Matilal, Tamal K"]
[Result "1-0"]
[WhiteElo "1510"]
[BlackElo "1451"]
[PlyCount "51"]
[EventDate "2022.04.15"]
[EventRounds "7"]
[EventCountry "ENG"]

1. d4 c5 2. d5 b5 3. c3 Bb7 4. e4 Nf6 5. Nd2 a6 6. a4 c4 7. b3 Qc7 8. axb5 axb5
9. Rxa8 Bxa8 10. bxc4 e6 11. Ngf3 Bc5 12. Bd3 Bxf2+ 13. Kxf2 Ng4+ 14. Ke1 exd5
15. exd5 O-O 16. Bxh7+ Kh8 17. Qe2 Nf6 18. Be4 Re8 19. Ng5 Qf4 20. h4 Qg3+ 21.
Kd1 bxc4 22. Rf1 Qxc3 23. Nxf7+ Kg8 24. Ng5 Bxd5 25. Bxd5+ Kh8 26. Qxe8+  1-0

[Event "2nd Easter 4NCL Congress"]
[Site "Daventry"]
[Date "2022.04.18"]
[Round "6"]
[Board "15"]
[White "Wright, George A"]
[Black "Dos Santos Silva, Bruno Alexandre"]
[Result "0-1"]
[WhiteElo "1522"]
[BlackElo "1647"]
[PlyCount "58"]
[EventDate "2022.04.15"]
[EventRounds "7"]
[EventCountry "ENG"]

1. e4 c5 2. Nc3 g6 3. g3 Nc6 4. Bg2 Bg7 5. d3 Nf6 6. Be3 d6 7. Qd2 Nd4 8. Bxd4
cxd4 9. Nb5 Qb6 10. Nxd6+ Qxd6 11. Ne2 e5 12. O-O O-O 13. Rae1 Be6 14. b3 Qd7
15. f4 Ng4 16. fxe5 Bxe5 17. Rf3 Ne3 18. Nf4 Bxf4 19. Rxf4 Bh3 20. Bf3 g5 21.
Qa5 Qe7 22. Rf5 Bxf5 23. exf5 Rac8 24. Qxa7 Qb4 25. Kf2 Rxc2+ 26. Be2 Ng4+ 27.
Kf1 Re8 28. a3 Qxe1+ 29. Kxe1 Rexe2+  0-1

[Event "2nd Easter 4NCL Congress"]
[Site "Daventry"]
[Date "2022.04.18"]
[Round "6"]
[Board "16"]
[White "Darbost, Fabien"]
[Black "Wallman, James"]
[Result "1-0"]
[WhiteElo "1258"]
[BlackElo "1601"]
[PlyCount "79"]
[EventDate "2022.04.15"]
[EventRounds "7"]
[EventCountry "ENG"]

1. e4 e5 2. Nf3 Nc6 3. Bc4 h6 4. Nc3 Nf6 5. O-O Bc5 6. d3 d6 7. h3 O-O 8. Na4
Bb6 9. c3 Na5 10. b3 Nxc4 11. bxc4 Nh7 12. d4 exd4 13. cxd4 Re8 14. Re1 Bd7 15.
Nxb6 axb6 16. Bb2 Ng5 17. Qd3 Qc8 18. Nxg5 hxg5 19. Re3 Re6 20. d5 Rh6 21. Qc3
f6 22. Rg3 Qf8 23. Rf3 g4 24. hxg4 Bxg4 25. Rg3 Bd7 26. Re1 Qf7 27. Bc1 Rg6 28.
Ree3 Re8 29. Qd4 Re5 30. Ref3 f5 31. Bg5 Qe8 32. exf5 Re4 33. Qd3 Qe5 34. fxg6
Bg4 35. Re3 Qxg5 36. Qxe4 Qe5 37. Qxe5 dxe5 38. Rxg4 Kf8 39. Rxe5 c6 40. Rf4+
 1-0

[Event "2nd Easter 4NCL Congress"]
[Site "Daventry"]
[Date "2022.04.18"]
[Round "6"]
[Board "17"]
[White "Constable, John"]
[Black "Pasari, Rohan"]
[Result "1-0"]
[WhiteElo "1595"]
[BlackElo "1510"]
[PlyCount "53"]
[EventDate "2022.04.15"]
[EventRounds "7"]
[EventCountry "ENG"]

1. Nf3 Nf6 2. c4 e6 3. g3 Be7 4. Bg2 O-O 5. Nc3 c5 6. d4 cxd4 7. Nxd4 Nc6 8.
O-O e5 9. Nxc6 bxc6 10. Bg5 Bb7 11. Bxf6 Bxf6 12. Ne4 Be7 13. Nd6 Ba6 14. c5
Qa5 15. Qc2 Rab8 16. a3 Bf6 17. b4 Qc7 18. Rfe1 Be7 19. Rad1 Bxd6 20. Rxd6 Rfe8
21. Bh3 Bc8 22. Red1 Re7 23. Qe4 a5 24. Qh4 Re8 25. Bxd7 Rd8 26. Rxc6 Qxc6 27.
Qxd8#  1-0

[Event "2nd Easter 4NCL Congress"]
[Site "Daventry"]
[Date "2022.04.18"]
[Round "6"]
[Board "18"]
[White "Hadfield, Roy"]
[Black "Ashworth, Steven M"]
[Result "1-0"]
[WhiteElo "1585"]
[BlackElo "1473"]
[PlyCount "77"]
[EventDate "2022.04.15"]
[EventRounds "7"]
[EventCountry "ENG"]

1. d4 Nf6 2. c4 Nc6 3. Nc3 e5 4. dxe5 Nxe5 5. a3 Nxc4 6. e4 Nb6 7. Bg5 h6 8.
Bh4 Qe7 9. Bd3 g5 10. Bg3 d5 11. f3 Nh5 12. Nge2 Nxg3 13. Nxg3 Bg7 14. Qc2 d4
15. Nce2 Be6 16. Nh5 Be5 17. O-O O-O-O 18. b4 Rhg8 19. b5 g4 20. f4 Bd6 21. e5
Nd5 22. exd6 Qxd6 23. Qd2 Ne3 24. Rf2 f5 25. a4 Bc4 26. Bxc4 Nxc4 27. Qd3 Ne3
28. a5 Qb4 29. b6 cxb6 30. axb6 Qxb6 31. Nhg3 h5 32. Nxf5 Nxf5 33. Qxf5+ Kb8
34. Qe5+ Ka8 35. Ng3 d3 36. Rd1 Rge8 37. Qb2 Qxb2 38. Rxb2 d2 39. Rbxd2  1-0

[Event "2nd Easter 4NCL Congress"]
[Site "Daventry"]
[Date "2022.04.18"]
[Round "6"]
[Board "19"]
[White "Dunne, David C"]
[Black "Constable, Christine F"]
[Result "1-0"]
[WhiteElo "1497"]
[BlackElo "1560"]
[PlyCount "65"]
[EventDate "2022.04.15"]
[EventRounds "7"]
[EventCountry "ENG"]

1. e4 g6 2. d4 Bg7 3. Nf3 d6 4. Bc4 Nf6 5. Nc3 O-O 6. h3 a6 7. a3 b5 8. Bb3 Bb7
9. Be3 Nxe4 10. Nxe4 Bxe4 11. Qd2 Nd7 12. O-O-O c5 13. Bh6 c4 14. Ba2 d5 15.
Bxg7 Kxg7 16. h4 h5 17. Rhg1 a5 18. Ng5 Nf6 19. f3 Bf5 20. Qf4 Qb8 21. Qe5 Qd6
22. g4 hxg4 23. h5 Qxe5 24. dxe5 Nxh5 25. fxg4 Nf4 26. gxf5 Ne2+ 27. Kd2 Nxg1
28. Rxg1 Kh6 29. fxg6 fxg6 30. Ne6 Rf5 31. Re1 Rb8 32. Bb1 Rf7 33. Rh1#  1-0

[Event "2nd Easter 4NCL Congress"]
[Site "Daventry"]
[Date "2022.04.18"]
[Round "6"]
[Board "20"]
[White "Griffin-Young, Sebastian"]
[Black "Vaidyanathan, Sathya"]
[Result "1-0"]
[WhiteElo "1431"]
[BlackElo "1280"]
[PlyCount "165"]
[EventDate "2022.04.15"]
[EventRounds "7"]
[EventCountry "ENG"]

1. d4 d5 2. Bf4 Nf6 3. e3 Nc6 4. c4 e6 5. Nf3 Be7 6. Be2 h6 7. O-O O-O 8. Nc3
a6 9. h3 dxc4 10. Bxc4 Bd6 11. Ne5 Bd7 12. Qf3 Rb8 13. Rad1 Qe7 14. Rfe1 Rfd8
15. Bd3 Nb4 16. Bb1 Bxe5 17. Bxe5 Bc6 18. Qg3 Rbc8 19. Be4 Nh5 20. Qh2 Nf6 21.
Bxc6 Nxc6 22. Bxf6 Qxf6 23. Ne4 Qe7 24. Nc5 Rb8 25. a3 e5 26. b4 exd4 27. Qf4
dxe3 28. Rxd8+ Rxd8 29. Rxe3 Qd6 30. Qxd6 Rxd6 31. Nxb7 Rd1+ 32. Kh2 Rd2 33. f3
Nd4 34. Nc5 Nf5 35. Rc3 Nh4 36. Kg3 Nxg2 37. Nxa6 Ne1 38. Nxc7 g5 39. Kg4 Rd4+
40. Kf5 Rf4+ 41. Ke5 Nxf3+ 42. Kd5 Rf5+ 43. Ke4 Rf4+ 44. Kd5 Rf5+ 45. Kc6 Nd4+
46. Kb6 Ne2 47. Re3 Rf6+ 48. Kb7 Nf4 49. b5 Kh7 50. b6 Rd6 51. Re7 Nd3 52.
Rxf7+ Kg6 53. Rf1 Nc5+ 54. Ka7 Rc6 55. Rc1 h5 56. Na6 Rxb6 57. Kxb6 Nb3 58.
Rc6+ Kf5 59. Nc5 Nd4 60. Rc8 Ne2 61. a4 Nf4 62. a5 Nd3 63. Kb7 Nb4 64. Na6 Nc2
65. Rxc2 g4 66. hxg4+ hxg4 67. Rg2 Kf4 68. Rxg4+ Kxg4 69. Nc5 Kf5 70. a6 Ke5
71. a7 Kd6 72. a8=Q Kxc5 73. Qa5+ Kd4 74. Qf5 Ke3 75. Qg4 Kf2 76. Qh3 Kg1 77.
Qf3 Kh2 78. Kc6 Kg1 79. Qe2 Kh1 80. Kd5 Kg1 81. Ke4 Kh1 82. Kf3 Kg1 83. Qg2#
 1-0

[Event "2nd Easter 4NCL Congress"]
[Site "Daventry"]
[Date "2022.04.18"]
[Round "6"]
[Board "21"]
[White "Sartain, Patrick P"]
[Black "Goldsmith, Jennifer"]
[Result "0-1"]
[WhiteElo "1570"]
[BlackElo "1431"]
[PlyCount "44"]
[EventDate "2022.04.15"]
[EventRounds "7"]
[EventCountry "ENG"]

1. e4 c6 2. f4 d5 3. e5 Qb6 4. d4 e6 5. Nf3 c5 6. c3 Ne7 7. Be2 Nf5 8. O-O Nc6
9. g4 Ne3 10. Bxe3 Qxb2 11. Nbd2 Qxc3 12. Bf2 cxd4 13. Rc1 Qb4 14. Rb1 Qc5 15.
Nb3 Qa3 16. Nfxd4 Nxd4 17. Bxd4 b6 18. Bb5+ Bd7 19. Bxd7+ Kxd7 20. Qd3 Qa4 21.
Rfc1 Be7 22. Qb5+ Qxb5  0-1

[Event "2nd Easter 4NCL Congress"]
[Site "Daventry"]
[Date "2022.04.18"]
[Round "6"]
[Board "22"]
[White "Keshari, Krish"]
[Black "Beswick, Andrew"]
[Result "0-1"]
[WhiteElo "1218"]
[BlackElo "1684"]
[PlyCount "122"]
[EventDate "2022.04.15"]
[EventRounds "7"]
[EventCountry "ENG"]

1. e4 e5 2. Nf3 Nc6 3. d4 exd4 4. Nxd4 Bc5 5. Be3 Qf6 6. c3 Nge7 7. Bc4 Ne5 8.
Be2 d6 9. O-O O-O 10. Nd2 Bd7 11. N2b3 Bb6 12. Qd2 Qg6 13. Kh1 Qxe4 14. Nf3
Bxe3 15. fxe3 Ng4 16. Bd3 Qxe3 17. Qxe3 Nxe3 18. Rfe1 N3f5 19. g4 Bc6 20. Be4
Nh6 21. h3 Rfe8 22. Nfd4 Bxe4+ 23. Rxe4 Nc6 24. Rxe8+ Rxe8 25. g5 Nxd4 26. Nxd4
c5 27. Nb5 Nf5 28. Nxa7 g6 29. Nb5 Re2 30. Rd1 Rxb2 31. Nxd6 Nxd6 32. Rxd6 Rxa2
33. Rb6 Ra3 34. Rxb7 Rxc3 35. Kg2 Kf8 36. Rc7 c4 37. Kh2 Ke8 38. Kg2 Rc1 39.
Kf3 c3 40. Kf2 c2 41. Ke3 Re1+ 42. Kd2 c1=Q+ 43. Rxc1 Rxc1 44. Kxc1 Ke7 45. Kd2
Ke6 46. Ke3 Kf5 47. h4 Kg4 48. Ke4 Kxh4 49. Kf4 Kh5 50. Kf3 Kxg5 51. Kg2 Kg4
52. Kh1 f5 53. Kg1 Kf3 54. Kh1 Ke2 55. Kg2 f4 56. Kh1 f3 57. Kh2 f2 58. Kg3
f1=Q 59. Kh4 Qg1 60. Kh3 Kf3 61. Kh4 Qg4#  0-1

[Event "2nd Easter 4NCL Congress"]
[Site "Daventry"]
[Date "2022.04.18"]
[Round "6"]
[Board "23"]
[White "Cox, R David"]
[Black "Veeturi, Yashvardhan"]
[Result "0-1"]
[WhiteElo "1400"]
[BlackElo "1165"]
[PlyCount "58"]
[EventDate "2022.04.15"]
[EventRounds "7"]
[EventCountry "ENG"]

1. e4 d6 2. d4 Nf6 3. Nc3 Nbd7 4. Nf3 e5 5. Bc4 h6 6. O-O Be7 7. Be3 c6 8. dxe5
dxe5 9. Qc1 Ng4 10. Rd1 Nxe3 11. Qxe3 Qc7 12. a3 Nf6 13. Rd3 O-O 14. b4 b5 15.
Bb3 Bg4 16. Ne2 c5 17. Rc3 c4 18. Ba2 Rfd8 19. Nd2 Bxe2 20. Qxe2 Rxd2 21. Qe1
Rad8 22. f3 Qb6+ 23. Kf1 Qd4 24. Re3 Rd1 25. Rxd1 Qxd1 26. c3 Qxe1+ 27. Kxe1
Nh5 28. Ke2 Nf4+ 29. Kf2 Rd2+  0-1

[Event "2nd Easter 4NCL Congress"]
[Site "Daventry"]
[Date "2022.04.18"]
[Round "6"]
[Board "24"]
[White "Patel, Diah Dipal"]
[Black "Baan, Radha"]
[Result "0-1"]
[WhiteElo "1318"]
[BlackElo "1144"]
[PlyCount "122"]
[EventDate "2022.04.15"]
[EventRounds "7"]
[EventCountry "ENG"]

1. e4 c6 2. Nc3 d5 3. Nf3 Bg4 4. Be2 e6 5. d4 a6 6. h3 Bh5 7. Bf4 Qb6 8. b3 Bb4
9. Bd2 Nf6 10. e5 Bxf3 11. Bxf3 Nfd7 12. O-O Qxd4 13. Qe1 Nxe5 14. Nb5 Qxd2 15.
Nc7+ Kd7 16. Qxd2 Nxf3+ 17. gxf3 Bxd2 18. Nxa8 Ba5 19. Rfd1 Kc8 20. b4 Bd8 21.
a4 Nd7 22. b5 a5 23. bxc6 bxc6 24. Rab1 Ne5 25. f4 Nf3+ 26. Kg2 Nh4+ 27. Kf1 g5
28. fxg5 Bxg5 29. Nb6+ Kd8 30. c4 Ke7 31. cxd5 cxd5 32. Re1 Nf3 33. Re2 Kd6 34.
Rd1 Kc6 35. Rb2 Bf6 36. Rc1+ Kd6 37. Rb3 Nd2+ 38. Ke1 Nxb3 39. Rb1 Nc5 40. Rb5
Nxa4 41. Nxa4 Rc8 42. Rb6+ Ke5 43. Rb5 Rc2 44. Nb6 Ke4 45. Rb3 Bc3+ 46. Kd1 Kd3
47. f4 Ra2 48. Rxc3+ Kxc3 49. f5 Kd3 50. Ke1 Ke3 51. Kf1 Kf3 52. Kg1 Kg3 53.
Kf1 Kf3 54. Ke1 a4 55. fxe6 fxe6 56. h4 Rb2 57. Nxa4 Rh2 58. Nc3 d4 59. Nb5 d3
60. Nd4+ Ke3 61. Kd1 Rh1#  0-1

[Event "2nd Easter 4NCL Congress"]
[Site "Daventry"]
[Date "2022.04.18"]
[Round "7"]
[Board "1"]
[White "Homer, Neil S"]
[Black "Hariharan, Shambavi"]
[Result "1/2-1/2"]
[WhiteElo "1692"]
[BlackElo "1466"]
[PlyCount "85"]
[EventDate "2022.04.15"]
[EventRounds "7"]
[EventCountry "ENG"]

1. e4 c6 2. d4 d5 3. exd5 cxd5 4. Bd3 Nc6 5. c3 Nf6 6. Bf4 Bg4 7. Qb3 Qd7 8. h3
Bh5 9. Nd2 e6 10. Ngf3 Qc8 11. O-O Be7 12. Rfe1 O-O 13. Rac1 Bg6 14. Bxg6 hxg6
15. Ne5 Re8 16. Ndf3 Nd7 17. Qc2 Ncxe5 18. Bxe5 Bf6 19. Qd3 Bxe5 20. Nxe5 Nxe5
21. Rxe5 Qd8 22. Qe2 Qf6 23. Re1 Red8 24. Re3 Rab8 25. Qb5 a6 26. Qb4 Rdc8 27.
Qd6 Qd8 28. Qxd8+ Rxd8 29. R3e2 b5 30. a3 a5 31. b3 Rdc8 32. Rc2 b4 33. axb4
axb4 34. Rec1 Kf8 35. c4 dxc4 36. Rxc4 Rxc4 37. Rxc4 Rb7 38. Kf1 Ke7 39. Ke2
Kd6 40. Ke3 f6 41. f4 f5 42. g4 Kd7 43. g5  1/2-1/2

[Event "2nd Easter 4NCL Congress"]
[Site "Daventry"]
[Date "2022.04.18"]
[Round "7"]
[Board "2"]
[White "Jenkins, Theo"]
[Black "Collyer, David"]
[Result "1-0"]
[WhiteElo "1598"]
[BlackElo "1663"]
[PlyCount "75"]
[EventDate "2022.04.15"]
[EventRounds "7"]
[EventCountry "ENG"]

1. e4 c5 2. Nf3 d6 3. d4 cxd4 4. Nxd4 Nf6 5. Bd3 Nc6 6. Nxc6 bxc6 7. O-O d5 8.
e5 Ng8 9. Re1 e6 10. Be3 Bb4 11. c3 Ba5 12. Qg4 g6 13. Bg5 Qd7 14. Nd2 h6 15.
Be3 Ne7 16. Nb3 Bb6 17. Nc5 Qc7 18. b4 Bb7 19. a4 Nf5 20. Bd4 Nxd4 21. cxd4
Bxc5 22. bxc5 Kf8 23. h4 Bc8 24. Reb1 Rb8 25. Rxb8 Qxb8 26. Rb1 Qc7 27. Qf3 h5
28. Bxg6 Rh6 29. Bxh5 Ba6 30. Rb8+ Kg7 31. Qg4+ Rg6 32. Bxg6 Qxb8 33. Bd3+ Kf8
34. Bxa6 Qb1+ 35. Kh2 Qc2 36. h5 Qh7 37. Qf3 Qh6 38. Bb7  1-0

[Event "2nd Easter 4NCL Congress"]
[Site "Daventry"]
[Date "2022.04.18"]
[Round "7"]
[Board "3"]
[White "Sagar, Aneesh"]
[Black "Jerome, Stelio"]
[Result "0-1"]
[WhiteElo "1580"]
[BlackElo "1494"]
[PlyCount "50"]
[EventDate "2022.04.15"]
[EventRounds "7"]
[EventCountry "ENG"]

1. e4 c5 2. Nf3 d6 3. d4 cxd4 4. Nxd4 Nf6 5. Nc3 g6 6. f3 Bg7 7. Be3 Bd7 8. Be2
Nc6 9. g4 O-O 10. g5 Nh5 11. Qd2 Qa5 12. Nb3 Qd8 13. f4 Rc8 14. Bxh5 gxh5 15.
O-O-O Na5 16. Nd5 Bxb2+ 17. Kb1 Nc4 18. Qd3 Bg7 19. Bd4 Bb5 20. Qh3 e5 21. fxe5
dxe5 22. Bc5 Kh8 23. Qxh5 Rxc5 24. Nxc5 Qa5 25. Nb3 Qa3  0-1

[Event "2nd Easter 4NCL Congress"]
[Site "Daventry"]
[Date "2022.04.18"]
[Round "7"]
[Board "4"]
[White "Mckay, Ruairidh"]
[Black "Keshari, Rohit"]
[Result "1/2-1/2"]
[WhiteElo "1544"]
[BlackElo "1182"]
[PlyCount "83"]
[EventDate "2022.04.15"]
[EventRounds "7"]
[EventCountry "ENG"]

1. d4 d5 2. c4 e6 3. Nc3 f5 4. cxd5 exd5 5. Nf3 Nf6 6. h3 Bd6 7. Nb5 c6 8.
Nxd6+ Qxd6 9. a3 O-O 10. e3 Nbd7 11. Be2 Ne4 12. O-O Rf6 13. Nh2 Rh6 14. Bd3
Qg6 15. Bxe4 fxe4 16. Qg4 Qf6 17. f4 Nc5 18. Qg5 Nd3 19. Qxf6 Rxf6 20. b4 a5
21. Bd2 axb4 22. axb4 Rxa1 23. Rxa1 h6 24. g4 g5 25. f5 h5 26. Ra2 h4 27. Kf1
Rf8 28. Ke2 b5 29. Nf3 Nxb4 30. Bxb4 exf3+ 31. Kxf3 Re8 32. Ra7 Rd8 33. Be7 Rd7
34. Ra8 Rxe7 35. Rxc8+ Kf7 36. Rxc6 Rb7 37. Rc3 Ke7 38. e4 dxe4+ 39. Kxe4 Kd6
40. Rb3 Re7+ 41. Kd3 Kc6 42. Rc3+  1/2-1/2

[Event "2nd Easter 4NCL Congress"]
[Site "Daventry"]
[Date "2022.04.18"]
[Round "7"]
[Board "5"]
[White "Wall, Robert"]
[Black "Llewellyn, Alan M"]
[Result "1-0"]
[WhiteElo "1673"]
[BlackElo "1624"]
[PlyCount "33"]
[EventDate "2022.04.15"]
[EventRounds "7"]
[EventCountry "ENG"]

1. d4 Nf6 2. Nf3 g6 3. Bf4 c6 4. Qd2 Ne4 5. Qe3 Qa5+ 6. c3 d5 7. Bh6 Bxh6 8.
Qxh6 Qb6 9. b3 Qa5 10. b4 Qb6 11. Nbd2 Nxc3 12. a3 Ne4 13. Qg7 Rf8 14. Nxe4
dxe4 15. Ng5 f6 16. Nxh7 Qxd4 17. Qxf8+  1-0

[Event "2nd Easter 4NCL Congress"]
[Site "Daventry"]
[Date "2022.04.18"]
[Round "7"]
[Board "6"]
[White "Webster, Vivien"]
[Black "Lacoult, Maxime"]
[Result "1-0"]
[WhiteElo "1653"]
[BlackElo "1599"]
[PlyCount "73"]
[EventDate "2022.04.15"]
[EventRounds "7"]
[EventCountry "ENG"]

1. d4 Nf6 2. c4 g6 3. e3 Bg7 4. Ne2 b6 5. Ng3 Bb7 6. f3 d6 7. Bd3 Nbd7 8. O-O
O-O 9. Nc3 c5 10. d5 Ne8 11. f4 f5 12. h4 e5 13. dxe6 Qxh4 14. Nxf5 gxf5 15.
exd7 Nf6 16. Bxf5 Nh5 17. Qg4 Qxg4 18. Bxg4 Ng3 19. Re1 Bc6 20. Be6+ Kh8 21.
Rd1 Rf6 22. Rxd6 Bxd7 23. Rxd7 Rxe6 24. Kf2 Ne4+ 25. Nxe4 Rxe4 26. Rb1 Rxc4 27.
Kf3 Rc2 28. g4 c4 29. e4 c3 30. e5 Rc8 31. Rxa7 Rd8 32. bxc3 Rxc3+ 33. Be3 Bf8
34. Ke4 Bc5 35. Bxc5 bxc5 36. Rh1 c4 37. Raxh7+  1-0

[Event "2nd Easter 4NCL Congress"]
[Site "Daventry"]
[Date "2022.04.18"]
[Round "7"]
[Board "7"]
[White "Morris, Nigel W"]
[Black "Lloyd, Gregory"]
[Result "1-0"]
[WhiteElo "1587"]
[BlackElo "1498"]
[PlyCount "139"]
[EventDate "2022.04.15"]
[EventRounds "7"]
[EventCountry "ENG"]

1. Nf3 d5 2. c4 d4 3. e3 c5 4. exd4 cxd4 5. d3 Nc6 6. g3 e5 7. a3 Bg4 8. b4 a6
9. Bg2 Bd6 10. O-O Nge7 11. Bg5 f6 12. Bc1 O-O 13. Qb3 Kh8 14. Re1 f5 15. c5
Bc7 16. Bg5 h6 17. Bxe7 Qxe7 18. Nbd2 Rae8 19. h3 Bh5 20. a4 Bxf3 21. Bxf3 Qg5
22. Qb2 h5 23. h4 Qg6 24. Kg2 f4 25. Be4 Qg4 26. Bf3 Qf5 27. Be4 Qf6 28. Nf3
Ne7 29. Bxb7 Nf5 30. Be4 fxg3 31. fxg3 g5 32. Nxg5 Nxg3 33. Qd2 Nf5 34. Bxf5
Qxf5 35. Qe2 Kg8 36. Rf1 Qg6 37. Rxf8+ Rxf8 38. Rf1 Qc6+ 39. Qe4 Qxe4+ 40. Nxe4
Rb8 41. Rb1 Kf7 42. b5 axb5 43. axb5 Ke6 44. b6 Bd8 45. Kg3 Kd5 46. Rf1 Be7 47.
Rf5 Rg8+ 48. Kh3 Bxc5 49. Nf6+ Ke6 50. Rg5 Rxg5 51. hxg5 Bxb6 52. Kh4 Bd8 53.
Nxh5 Kf5 54. Ng7+ Kg6 55. Ne6 e4 56. dxe4 d3 57. Nf4+ Kf7 58. Nxd3 Ke6 59. Kg4
Kf7 60. Kf5 Kg7 61. e5 Be7 62. g6 Bf8 63. Nf4 Kh8 64. Ne6 Be7 65. Nd4 Bc5 66.
Nc6 Kg7 67. e6 Kf8 68. Kf6 Ke8 69. Ne7 Kf8 70. g7+  1-0

[Event "2nd Easter 4NCL Congress"]
[Site "Daventry"]
[Date "2022.04.18"]
[Round "7"]
[Board "8"]
[White "Keerthi Kumar, Advait"]
[Black "Cotterell, David M"]
[Result "1-0"]
[WhiteElo "1377"]
[BlackElo "1541"]
[PlyCount "123"]
[EventDate "2022.04.15"]
[EventRounds "7"]
[EventCountry "ENG"]

1. e4 e6 2. d4 d5 3. e5 c5 4. c3 Qb6 5. Nf3 Bd7 6. a3 c4 7. Be2 Nc6 8. Qd2 Na5
9. Bd1 f6 10. Qe2 fxe5 11. Nxe5 Nf6 12. Bg5 Bd6 13. Nxd7 Kxd7 14. Ba4+ Nc6 15.
O-O a6 16. Nd2 Qc7 17. h3 b5 18. Bc2 Rae8 19. Nf3 h6 20. Bd2 Kc8 21. a4 b4 22.
cxb4 Nxb4 23. Bxb4 Bxb4 24. b3 a5 25. Bg6 Re7 26. Rac1 c3 27. Rc2 Qb7 28. Nd2
Kb8 29. Nb1 Rc8 30. Rfc1 Qb6 31. Qd3 Rec7 32. Qe3 Rc6 33. Bd3 R6c7 34. Kh1 Nd7
35. Bb5 Nf8 36. Qg3 Ka7 37. Rd1 Bd6 38. Qg4 Bb4 39. Rd3 Qb7 40. Re3 Ka8 41. Qh5
Qb6 42. Rd3 Qd6 43. Qg4 Qe7 44. Rg3 Ka7 45. f4 Qf6 46. Rd3 Ng6 47. Kg1 Qf5 48.
Qxf5 exf5 49. g3 Ne7 50. Re3 g5 51. fxg5 hxg5 52. Kg2 Ng6 53. Bd3 f4 54. Rf3
fxg3 55. Bxg6 Rg8 56. Rf7 Rxf7 57. Bxf7 Rf8 58. Bxd5 Rf4 59. Nxc3 Bxc3 60. Rxc3
Rxd4 61. Bc4 Kb6 62. Rxg3  1-0

[Event "2nd Easter 4NCL Congress"]
[Site "Daventry"]
[Date "2022.04.18"]
[Round "7"]
[Board "9"]
[White "Bullock, Lee"]
[Black "Szydlowski, Sebastien"]
[Result "1-0"]
[WhiteElo "1579"]
[BlackElo "1681"]
[PlyCount "85"]
[EventDate "2022.04.15"]
[EventRounds "7"]
[EventCountry "ENG"]

1. d3 e5 2. Nd2 d5 3. e4 d4 4. h3 Nf6 5. Ngf3 Nc6 6. c3 Bc5 7. Be2 Nh5 8. g3
O-O 9. Qc2 Qe7 10. Nh4 Nf6 11. g4 Ne8 12. Nf5 Bxf5 13. gxf5 dxc3 14. bxc3 Qh4
15. Rh2 Qe7 16. Nf3 Rd8 17. Rg2 Kh8 18. h4 Nf6 19. Bg5 Bb6 20. h5 Ba5 21. Kf1
h6 22. Be3 Rd7 23. Qc1 Nh7 24. Rb1 Bb6 25. Bd2 Qf6 26. Nh2 Rd6 27. f4 Rfd8 28.
Ng4 Qe7 29. fxe5 Nxe5 30. Nxe5 Qxe5 31. Bf4 Qf6 32. e5 Qh4 33. Rh2 Qe7 34. exd6
cxd6 35. d4 Qe4 36. Rb5 Nf6 37. Qe3 Qc6 38. Bxh6 gxh6 39. Qxh6+ Nh7 40. Rg2 Rg8
41. Rxg8+ Kxg8 42. f6 d5 43. Qg7#  1-0

[Event "2nd Easter 4NCL Congress"]
[Site "Daventry"]
[Date "2022.04.18"]
[Round "7"]
[Board "10"]
[White "Vaidyanathan, Adithya"]
[Black "Horspool, Ben"]
[Result "1-0"]
[WhiteElo "1590"]
[BlackElo "1525"]
[PlyCount "137"]
[EventDate "2022.04.15"]
[EventRounds "7"]
[EventCountry "ENG"]

1. Nf3 Nf6 2. d4 g6 3. c4 Bg7 4. Nc3 O-O 5. e4 d6 6. Be3 e5 7. d5 Bg4 8. Bd3
Nbd7 9. h3 Bxf3 10. Qxf3 Qe7 11. O-O Kh8 12. Rac1 Ng8 13. Qe2 Nh6 14. Nb5 a6
15. Nc3 f5 16. f3 f4 17. Bf2 Bf6 18. b4 Bh4 19. c5 Bxf2+ 20. Qxf2 dxc5 21. d6
Qxd6 22. Nd5 c6 23. bxc5 Qb8 24. Nb6 Nxb6 25. cxb6 Qd6 26. Bc4 Rad8 27. Qh4 Nf7
28. Rfd1 Qc5+ 29. Kh2 Rxd1 30. Qf6+ Kg8 31. Bxf7+ Rxf7 32. Qxf7+ Kxf7 33. Rxc5
Ke6 34. Rc3 Rb1 35. h4 Rxb6 36. h5 Rb4 37. hxg6 hxg6 38. a3 Rd4 39. Rb3 Rd7 40.
g3 g5 41. Kh3 c5 42. Kg4 c4 43. Rb6+ Rd6 44. Rxb7 Rc6 45. Rb2 c3 46. Rc2 Rc5
47. gxf4 gxf4 48. Kg5 Ke7 49. Kf5 Kf7 50. Kg5 Ke6 51. Kg6 Kd6 52. Kf6 Kc6 53.
a4 Kb6 54. Ke6 Ka5 55. Kd6 Kb4 56. Rc1 a5 57. Rb1+ Kc4 58. Rc1 Rc8 59. Kxe5 Kd3
60. Kxf4 Kd2 61. Rh1 c2 62. e5 c1=Q 63. Rxc1 Kxc1 64. e6 Rf8+ 65. Ke4 Kc2 66.
f4 Kb3 67. f5 Kxa4 68. e7 Re8 69. f6  1-0

[Event "2nd Easter 4NCL Congress"]
[Site "Daventry"]
[Date "2022.04.18"]
[Round "7"]
[Board "11"]
[White "Loyden, Gary"]
[Black "Holyhead, James"]
[Result "1/2-1/2"]
[WhiteElo "1526"]
[BlackElo "1510"]
[PlyCount "45"]
[EventDate "2022.04.15"]
[EventRounds "7"]
[EventCountry "ENG"]

1. c4 c6 2. e4 d5 3. cxd5 cxd5 4. exd5 Nf6 5. Nc3 Nxd5 6. Bc4 Nb6 7. Bb3 Nc6 8.
Nf3 Bf5 9. d4 e6 10. O-O Be7 11. h3 Na5 12. Bc2 Bxc2 13. Qxc2 Nc6 14. Be3 Nb4
15. Qe2 N4d5 16. Nxd5 Nxd5 17. Rac1 O-O 18. Rfd1 Qb6 19. Ne5 Rfd8 20. Nd3 Qa6
21. a3 Rac8 22. Qd2 b6 23. Ne5  1/2-1/2

[Event "2nd Easter 4NCL Congress"]
[Site "Daventry"]
[Date "2022.04.18"]
[Round "7"]
[Board "12"]
[White "Dos Santos Silva, Bruno Alexandre"]
[Black "Dias, Yan A"]
[Result "1-0"]
[WhiteElo "1647"]
[BlackElo "1525"]
[PlyCount "79"]
[EventDate "2022.04.15"]
[EventRounds "7"]
[EventCountry "ENG"]

1. d4 g6 2. e4 Bg7 3. Nf3 d6 4. Be3 c5 5. c3 cxd4 6. Nxd4 Nf6 7. Bd3 Ng4 8. Bd2
Ne5 9. Be2 Nec6 10. O-O Nxd4 11. cxd4 Nc6 12. Bc3 d5 13. e5 O-O 14. Nd2 Bf5 15.
Nf3 Qc7 16. Bd3 Bxd3 17. Qxd3 a5 18. a3 a4 19. h4 f5 20. h5 Bh6 21. Bd2 Bxd2
22. Qxd2 f4 23. h6 Qd7 24. Nh2 Qf5 25. f3 e6 26. Ng4 g5 27. Rac1 Qg6 28. Rc3
Ra7 29. Rc5 Rf5 30. Rfc1 Qe8 31. Qd3 Qe7 32. Rxd5 Ra8 33. Nf6+ Rxf6 34. exf6
Qxf6 35. Rd7 Qxh6 36. Rxb7 e5 37. dxe5 Kh8 38. Qd7 Nxe5 39. Rc8+ Qf8 40. Qxh7#
 1-0